000 00220 a2200097 4500
001 32808
100 _aGrady,J.O
245 _aSystem Engineering Deployment
260 _aBoca Raton
_bCRC Press
_c
090 _c21977
_d21977
942 _aNUST-CAE
_cM
_c13310
999 _c267881
_d267881